00949nam a2200205 a 450000100100000000500170001000800410002702000180006804000250008608200160011110000470012724501740017426001240034830000280047250000570050050400280055759000260058595201150061199900170072600004858320201002061244.0190401s2009 dr a r 000 0 spa d a9789945421705 aDO-SdBNPbspacBNPHU axxxxbB142h1 aBáez Rosario, Luis J. del,d1955-97603210aHistoria del municipio de San Francisco de Macorís, ley 176-07 del Distrito Nacional y los Municipios , Memorias de un Consultor Jurídico /cLuis Báez del Rosario. aSan Francisco de Macorís, República Dominicana, :bAyuntamiento del Municipio de San Francisco de Macorís,c2009. a315 p. :bil. ;c23 cm. aIncluye datos biográficos del autor en las solapas aBibliografía : p. 297 aInventariado, 2019/BT 00107-18PDaPDbPDcOId2019-04-01iLF1l0oxxxx B142hp48583-10r2020-06-25w2020-06-25yLFPDZNo se presta c48071d48071